De zestiende-eeuwsche schilder en graveur Marcus Gerards, (Record no. 1307)

MARC details
000 -LEADER
fixed length control field 00938cam a22002531 4500
001 - CONTROL NUMBER
control field af 47001576
003 - CONTROL NUMBER IDENTIFIER
control field DLC
005 - DATE AND TIME OF LATEST TRANSACTION
control field 20260227110809.0
008 - FIXED-LENGTH DATA ELEMENTS--GENERAL INFORMATION
fixed length control field 961216s1941 be a b 000 0 dut c
010 ## - LIBRARY OF CONGRESS CONTROL NUMBER
LC control number af 47001576
035 ## - SYSTEM CONTROL NUMBER
System control number (OCoLC)36095015
040 ## - CATALOGING SOURCE
Original cataloging agency Harvard univ. Library
Transcribing agency NNC
Modifying agency DLC
042 ## - AUTHENTICATION CODE
Authentication code premarc
050 00 - LIBRARY OF CONGRESS CALL NUMBER
Classification number ND673.G45
Item number S3
100 1# - MAIN ENTRY--PERSONAL NAME
Personal name Schouteet, Albert.
245 03 - TITLE STATEMENT
Title De zestiende-eeuwsche schilder en graveur Marcus Gerards,
Statement of responsibility, etc. door A. Schouteet ...
260 ## - PUBLICATION, DISTRIBUTION, ETC.
Place of publication, distribution, etc. Brugge,
Name of publisher, distributor, etc. Druk. A. & L. Fockenier
Date of publication, distribution, etc. [1941]
300 ## - PHYSICAL DESCRIPTION
Extent 56 p.
Other physical details illus.
Dimensions 21 cm.
490 0# - SERIES STATEMENT
Series statement Uitgaven van den Gidsenbond, Brugge,
Volume/sequential designation 24
500 ## - GENERAL NOTE
General note At head of title: Vereeniging van officieel gediplomeerde gidsen (V. z. w.)--Brugge.
500 ## - GENERAL NOTE
General note "Voordracht gehouden in den Gidsenbond op 18 jan. 1941."--p. 3.
504 ## - BIBLIOGRAPHY, ETC. NOTE
Bibliography, etc. note Bibliographical references included in "Bijlagen" (p. 45-66)
600 10 - SUBJECT ADDED ENTRY--PERSONAL NAME
Personal name Gheeraerts, Marcus,
Dates associated with a name approximately 1520-

No items available.

Powered by Koha